• 首页
  • 本馆介绍
  • 公告通知
  • 最新文献
  • 馆藏检索
  • 电子资源
  • 读者导购
  • 参考咨询
  • 我的图书馆
  • 登录
  • 详细信息显示
  • 放入我的书架
  • 预约/预借图书
  • 作者相关作品
  • 分类相关作品
  • 丛书相关作品
  • 出版社相关作品

书目信息

  • 表格格式
  • 工作单格式
  • 卡片格式
题名:
梦梁录
    
 
作者: 吴自牧 著
分册:  
出版信息: 杭州   浙江人民出版社  050
页数: 199页
开本: 19cm
丛书名:
单 册:
中图分类: K245.06
科图分类:
主题词: 中国--历史
电子资源:
ISBN:
000 00504nam0 2200193 450
001 0639257966
005 20060808105559.57
010    @dCNY0.50
100    @a20060808d050 km y0chiy0120 ea
101 0  @achi
102    @aCN@b330000
200 1  @a梦梁录@Ameng liang lu@f(宋)吴自牧著@F(song)wu zi mu zhu
210    @a杭州@c浙江人民出版社@d050
215    @a199页@d19cm
606 0  @a中国@x历史
690    @aK245.06@v3
701  0 @a吴自牧@Awu zi mu@4著
801  0 @aCN@bPFT@c20060808
905    @a10447@dK245.06@e5
    
    梦梁录/(宋)吴自牧著.-杭州:浙江人民出版社,050
    199页;19cm
    
    
    ISBN :CNY0.50
    
●
相关链接 在E读中查询图书 在五车中查询图书 在当当中查询图书 在豆瓣中查询图书


正题名:梦梁录     索取号:K245.06/5         预约/预借

序号 登录号 条形码 馆藏地/架位号 状态 备注
1 0452733   204527333   密集书库/ [索取号:K245.06/5] 在馆    
唐山师范学院图书馆 欢迎您!
大连网信软件有限公司© 版权所有